000 00305nam a22001217a 4500
008 160523b xxu||||| |||| 00| 0 eng d
020 _a9780312445744
020 _a0312445741
041 _aeng
080 _a003.2
245 _aLiterature and its writers;
_cAnn Charters; Samuel Charters;
942 _2udc
_cBK
999 _c2378
_d2378